State of our cities : evidence from Karnataka (Record no. 443256)

000 -LEADER
fixed length control field 00545cam a22001577a 4500
008 - FIXED-LENGTH DATA ELEMENTS--GENERAL INFORMATION
fixed length control field 180718b2012 xxu||||| |||| 00| 0 eng d
020 ## - INTERNATIONAL STANDARD BOOK NUMBER
International Standard Book Number 9780198080381
082 ## - DEWEY DECIMAL CLASSIFICATION NUMBER
Classification number J7x5444 P281
100 ## - MAIN ENTRY--PERSONAL NAME
Personal name Paul, Samuel
245 ## - TITLE STATEMENT
Title State of our cities : evidence from Karnataka
Statement of responsibility, etc. by Samuel Paul, Kala Seetharam Sridhar, A. Venugopala Reddy
260 ## - PUBLICATION, DISTRIBUTION, ETC.
Place of publication, distribution, etc. New Delhi
Name of publisher, distributor, etc. Oxford
Date of publication, distribution, etc. 2012
300 ## - PHYSICAL DESCRIPTION
Extent 297p.
650 ## - SUBJECT ADDED ENTRY--TOPICAL TERM
Topical term or geographic name entry element Karnataka (India) -- Economic conditions
650 ## - SUBJECT ADDED ENTRY--TOPICAL TERM
Topical term or geographic name entry element Urbanization -- India -- Karnataka
650 ## - SUBJECT ADDED ENTRY--TOPICAL TERM
Topical term or geographic name entry element Cities and towns -- India -- Karnataka
Holdings
Withdrawn status Lost status Damaged status Not for loan Permanent Location Current Location Date acquired Full call number Barcode Date last seen Price effective from Koha item type
        Indian Institute of Public Administration Indian Institute of Public Administration 2013-05-16 J7x5444 P281 DA6409 2018-07-21 2018-07-21 DA

Powered by Koha